| 000 | 00968nam a22002297a 4500 | ||
|---|---|---|---|
| 003 | BUBTL | ||
| 008 | 230227b ||||| |||| 00| 0 eng d | ||
| 020 | _a9780393924046 | ||
| 082 | _a839.8226/ J641i/ 2004 | ||
| 100 |
_94683 _aIbsen, Henrik |
||
| 245 |
_a Ibsen's selected plays : authoritative texts of Peer Gynt, A doll house, the wild duck, Hedda Gabler, the master builder : _bbackgrounds, criticism / _cHenrik Ibsen, Brian Johnston |
||
| 250 | _a1st Edn | ||
| 260 |
_aNew York: _bW. W. Norton & Company, _cc2004 |
||
| 300 |
_axxi, 612 p.: _c22 cm. |
||
| 440 |
_95161 _aA Norton Critical Edition |
||
| 505 | _a Ibsen's selected plays : authoritative texts of Peer Gynt, A doll house, the wild duck, Hedda Gabler, the master builder, Henrik Ibsen, Brian Johnston, English Literature, English | ||
| 650 | 0 |
_91994 _aEnglish Literature |
|
| 700 |
_95196 _a Johnston, Brian |
||
| 856 |
_k0 _l0 _yDownload |
||
| 942 |
_2ddc _cBK |
||
| 999 |
_c6958 _d6958 |
||